00465nam a2200169Ia 450000500170000000800410001704000190005804100120007708200150008910000200010424500590012426000490018330000110023250400190024365000230026285000100028520230609111334.0131103s9999 xx 000 0 und d aLoreto College aEnglish a808.5bSEI aSeidel, Micheal aSatiric inheritanc rabelais to sternecMicheal, Seidel aNey JerseybPrinceton University pressc1979 a283p.  aIncludes index aEnglish Literature aLCLIB